00575 2200193 4500001002100000005001500021035002000036007000300056008003900059082000700098084001300105100002300118245013100141250001000272260004600282300002600328600001200354990001500366INLIS00000000000992320260430094357 a0010-0426000360ta260430 | | |  a53 a53 NUR r0 aNURBAITI BELLASARI1 aRANCANG BANGUN SISTEM INFORMASI MANAJEMEN TAMAN PENDIDIKAN ALQURAN (TPA) RABIAH AL-ADAWIYAH PALANGKARAYA /cNURBAITI BELLASARI aCet 1 aPalangka Raya :bPerpustakaan UMPR,c2024 aviii, 91 hlm :bilus. 4aSKRIPSI a2053022438